000 01057nam a2200313 i 4500
001 185458
003 SpMaBN
005 20251014063300.0
008 160607s1988 sp |||| |dspa d
020 _a84-7669-056-8
080 _a616.98
080 _a615.217.2
080 _a616.89(047)
100 1 _aSacks, Oliver,
_d1933-2015
_9158681
245 1 0 _aDespertares /
_cOliver Sacks ; traducido del inglés por José Manuel Álvarez Flórez ; revisión científica del doctor Javier Serrano.
260 _aBarcelona :
_bMuchnik,
_c[1988]
300 _a366 p. ;
_c20 cm.
490 1 _aLiteratura ;
_v47
500 _aGlosario.
500 _aÍndice analítico [encartado]
504 _aBibliografía: p. [347]-350.
650 4 _aEncefalitis epidémica.
_9159791
650 4 _aDopa.
_9159792
650 0 4 _aPsiquiatría-
_xCasos clínicos.
_916587
700 1 _aÁlvarez Flórez, José Manuel.
_920809
830 0 _aLiteratura ;
_v47
_9177860
852 _aES-MaACL
_jL-30342
_z. - Donat. Miguel A. Velasco
999 _c185458
_d185458